000 00436nam a2200157 i 4500
001 62713
003 ES-MaACL
005 20230906164722.0
007 t|
008 031125s1971 sp ||||1| spa d
100 1 _aFernández Jolis, José.
_949858
245 1 0 _aAñoranzas del Tambarón /
_cJosé Fernández Jolis.
260 _a[S.l. :
_bs.n.,
_c1971]
300 _a126 p., 12 lám. ;
_c22 cm.
852 _aES-MaACL
_jC-38723
_bR.79264
999 _c62713
_d62713